Disney - Guess the Disney Movie Symbols! - Statistics

General Stats
  • This quiz has been taken 138 times
  • The average score is 18 of 28
Answer Stats
Picture Answer % Correct
Aladdin
96%
Beauty and the Beast
96%
Cinderella
93%
Frozen
90%
Finding Nemo
89%
Up
89%
Snow White
88%
The Princess and the Frog
86%
101 Dalmatians
84%
Tangled
80%
Lady and the Tramp
77%
Brave
72%
Alice in Wonderland
70%
Sleeping Beauty
69%
The Lion King
69%
Ratatouille
64%
Mulan
59%
Pocahontas
55%
Peter Pan
53%
The Little Mermaid
47%
Zootopia
47%
Hercules
43%
Soul
42%
Inside Out
34%
Coco
33%
Encanto
28%
Moana
25%
Wreck-It-Ralph
14%
No matching quizzes found
Score Distribution
Percent of People with Each Score
Percentile by Number Answered
Your Score History
You have not taken this quiz